000 00474nam a2200193Ia 4500
005 20250423094741.0
008 250422s9999 xx 000 0 und d
020 _a9788126144044
050 _aPN 4784.C615 .S56/
100 _aSingh, Dhawal Paramjeet
245 0 _aCitizen journalism
250 _aRev. 1st ed.
260 _aNew Delhi
260 _bAnmol Publications Pvt. Ltd.
260 _c2011
300 _a320 p
650 _aCitizen journalism
942 _cBK
999 _c28180
_d28180